[Event "Belgrade-chT Quality"]
[Site "Belgrade"]
[Date "2009.10.29"]
[Round "7"]
[White "Milic, Stevica"]
[Black "Cerovic, Danilo"]
[Result "0-1"]
[WhiteElo "2229"]
[BlackElo "2201"]
[PlyCount "62"]
[EventDate "2009.10.11"]
[EventType "team-tourn"]
[EventRounds "11"]
[EventCountry "YUG"]
[SourceTitle "CBM 133 Extra"]
[Source "ChessBase"]
[SourceDate "2010.01.05"]
[SourceVersion "1"]
[SourceVersionDate "2010.01.05"]
[SourceQuality "1"]

1. e4 c5 2. Nf3 d6 3. d4 Nf6 4. Nc3 cxd4 5. Nxd4 a6 6. g3 e5 7. Nb3 b5 8. Bg2 Bb7 9. 0-0 Nbd7 10. a4 b4 11. Nd5 Nxd5 12. exd5 a5 13. Re1 Be7 14. Qg4 0-0 15. Bh6 Bf6 16. Be3 Nb6 17. Bxb6 Qxb6 18. Be4 g6 19. Qf3 Bg7 20. g4 f5 21. gxf5 gxf5 22. Bxf5 Bc8 23. Bxh7+ Kxh7 24. Qh5+ Bh6 25. Re3 Bg4 26. Qh4 Ra7 27. Rf1 Raf7 28. Rd3 Bf3 29. Re1 Rg7+ 30. Kf1 Rf4 31. Qxf4 Bg2+ 0-1

[Event "SCG-chT (Women)"]
[Site "Budva"]
[Date "2004.09.16"]
[Round "8.4"]
[White "Drljevic, Ljilja"]
[Black "Milic, Stevica"]
[Result "1/2-1/2"]
[WhiteElo "2175"]
[BlackElo "2247"]
[PlyCount "59"]
[EventDate "2004.09.08"]
[EventType "team"]
[EventRounds "11"]
[EventCountry "YUG"]
[SourceTitle "CBM 102 Extra"]
[Source "ChessBase"]
[SourceDate "2004.11.03"]
[SourceVersion "1"]
[SourceVersionDate "2004.11.03"]
[SourceQuality "1"]
[WhiteTeam "01"]
[BlackTeam "09"]
[WhiteTeamCountry "YUG"]
[BlackTeamCountry "YUG"]

1. e4 e5 2. d4 exd4 3. Qxd4 Nc6 4. Qe3 Bb4+ 5. Bd2 Bxd2+ 6. Nxd2 Qf6 7. c3 Nge7 8. f3 d6 9. Ne2 Ng6 10. g4 h6 11. Ng3 Qf4 12. Qf2 0-0 13. Nh5 Qe5 14. f4 Nxf4 15. Qxf4 Qxf4 16. Nxf4 Bxg4 17. h3 Be6 18. Nxe6 fxe6 19. Bc4 Rf6 20. Ke2 Ne5 21. Raf1 Re8 22. Rhg1 Kh7 23. Ke3 d5 24. Be2 c5 25. Nf3 Nc4+ 26. Bxc4 dxc4 27. Ne5 Rxf1 28. Rxf1 b5 29. Rf7 a5 30. Rc7 1/2-1/2

[Event "SCG-chT (Women)"]
[Site "Budva"]
[Date "2004.09.11"]
[Round "4.4"]
[White "Rakic, Marija"]
[Black "Milic, Stevica"]
[Result "1/2-1/2"]
[WhiteElo "2051"]
[BlackElo "2247"]
[PlyCount "86"]
[EventDate "2004.09.08"]
[EventType "team"]
[EventRounds "11"]
[EventCountry "YUG"]
[SourceTitle "CBM 102 Extra"]
[Source "ChessBase"]
[SourceDate "2004.11.03"]
[SourceVersion "1"]
[SourceVersionDate "2004.11.03"]
[SourceQuality "1"]
[WhiteTeam "07"]
[BlackTeam "09"]
[WhiteTeamCountry "YUG"]
[BlackTeamCountry "YUG"]

1. d4 d5 2. Nc3 Nf6 3. Bg5 e6 4. e4 dxe4 5. Nxe4 Be7 6. Bxf6 Bxf6 7. Nf3 0-0 8. c3 Nd7 9. Bd3 Qe7 10. g4 g6 11. Qd2 Bg7 12. 0-0-0 c5 13. h4 cxd4 14. cxd4 e5 15. d5 Nb6 16. d6 Qe6 17. Kb1 Qxg4 18. Nfg5 h6 19. Rdg1 Qf4 20. Qxf4 exf4 21. Nf3 Bf5 22. h5 Nd7 23. hxg6 fxg6 24. Nh4 Ne5 25. Bc2 Rac8 26. Nxf5 gxf5 27. Nd2 Rf6 28. Nb3 Rxd6 29. Bxf5 Rcd8 30. Nc5 Rf6 31. Bh3 Nf3 32. Rc1 Rb6 33. Nb3 a5 34. Rc2 a4 35. Nc5 a3 36. Na4 Rb4 37. b3 b5 38. Nc5 Rd2 39. Rxd2 Nxd2+ 40. Kc2 Ne4 41. Nd3 Rd4 42. Re1 Ng5 43. Bg4 Re4 1/2-1/2

[Event "SCG-chT (Women)"]
[Site "Budva"]
[Date "2004.09.10"]
[Round "3.4"]
[White "Milic, Stevica"]
[Black "Dragasevic, Antonina"]
[Result "0-1"]
[WhiteElo "2247"]
[BlackElo "2145"]
[PlyCount "70"]
[EventDate "2004.09.08"]
[EventType "team"]
[EventRounds "11"]
[EventCountry "YUG"]
[SourceTitle "CBM 102 Extra"]
[Source "ChessBase"]
[SourceDate "2004.11.03"]
[SourceVersion "1"]
[SourceVersionDate "2004.11.03"]
[SourceQuality "1"]
[WhiteTeam "09"]
[BlackTeam "03"]
[WhiteTeamCountry "YUG"]
[BlackTeamCountry "YUG"]

1. e4 c5 2. Nf3 d6 3. d4 cxd4 4. Nxd4 Nf6 5. Nc3 Nc6 6. g3 g6 7. Bg2 Bd7 8. 0-0 Bg7 9. Nde2 0-0 10. h3 Rc8 11. f4 Qa5 12. g4 Be6 13. Be3 Bc4 14. Qd2 Nd7 15. Rfd1 Bxe2 16. Nxe2 Bxb2 17. Rab1 Ba3 18. Rxb7 Qxd2 19. Rxd2 Bc5 20. Kf2 Bxe3+ 21. Kxe3 Nb6 22. Kf2 Nc4 23. Rd1 a5 24. e5 dxe5 25. Bxc6 Rxc6 26. Rxe7 exf4 27. Nxf4 Nd6 28. Rd2 Rfc8 29. c3 Kg7 30. g5 Kf8 31. Re5 Nc4 32. Rde2 Nxe5 33. Rxe5 Rc5 34. Rd5 Rxd5 35. Nxd5 Rc5 0-1